| 000 | 00824cam a2200241 a 4500 | ||
|---|---|---|---|
| 001 | 000018984 | ||
| 005 | 20260408180430.0 | ||
| 008 | 100521s1995 mx b r 000 0 spa d | ||
| 020 | _a9686987045 | ||
| 040 |
_aDO-SdBNP _bspa _cBNPHU |
||
| 082 |
_a328.3453 _bM482t |
||
| 100 | 1 |
_aMeador, Daniel John _940843 |
|
| 245 | 1 | 4 |
_aLos tribunales de los Estados Unidos / _cDaniel John Meador , traductor Thomas W. Bartenbach, editor Pereznieto del Prado. |
| 260 |
_aMéxico : _bPereznieto, _c1995. |
||
| 300 |
_a130 p. , mapa. ; _c21 cm. |
||
| 500 | _aIncluye índice analítico p. 125-130 | ||
| 650 | 0 |
_aTribunales _940844 |
|
| 651 | 4 |
_aEstados Unidos _940845 |
|
| 650 | 4 |
_aPoder judicial _zEstados Unidos _940846 |
|
| 700 | 1 |
_aBartenbach, Thomas W. _etr. _940847 |
|
| 700 | 1 |
_aPrado, Pereznieto del _eed. _940848 |
|
| 049 | _aBNGR | ||
| 999 |
_c18502 _d18502 |
||